Theory of the motion of the heavenly bodies moving about the sun in conic sections (Record no. 2361)

MARC details
000 -LEADER
fixed length control field 00678nam a2200193Ia 4500
003 - CONTROL NUMBER IDENTIFIER
control field IN-BaIIA
008 - FIXED-LENGTH DATA ELEMENTS--GENERAL INFORMATION
fixed length control field 211028s9999 xx 000 0 eng d
040 ## - CATALOGING SOURCE
Transcribing agency IIA Library
080 ## - UNIVERSAL DECIMAL CLASSIFICATION NUMBER
Universal Decimal Classification number 521.1
Item number GAU
100 ## - MAIN ENTRY--PERSONAL NAME
Personal name Gauss, Carl Friedrich
9 (RLIN) 4230
245 #0 - TITLE STATEMENT
Title Theory of the motion of the heavenly bodies moving about the sun in conic sections
Statement of responsibility, etc. Carl Friedrich Gauss ; translated and with an appendix by Charles Henry Davis
260 ## - PUBLICATION, DISTRIBUTION, ETC.
Place of publication, distribution, etc. New York
Name of publisher, distributor, etc. Dover Publications
Date of publication, distribution, etc. 1963
300 ## - PHYSICAL DESCRIPTION
Extent xvii, 326p.
650 ## - SUBJECT ADDED ENTRY--TOPICAL TERM
Topical term or geographic name entry element Astronomy and astrophysics thesaurus
650 ## - SUBJECT ADDED ENTRY--TOPICAL TERM
Topical term or geographic name entry element Celestial mechanics
650 ## - SUBJECT ADDED ENTRY--TOPICAL TERM
Topical term or geographic name entry element Celestial sphere
9 (RLIN) 1503
700 ## - ADDED ENTRY--PERSONAL NAME
Personal name Daris, Charles Henry, tr.
9 (RLIN) 4231
942 ## - ADDED ENTRY ELEMENTS (KOHA)
Koha item type Books
Holdings
Withdrawn status Lost status Damaged status Not for loan Home library Current library Shelving location Date acquired Cost, normal purchase price Total Checkouts Full call number Barcode Date last seen Cost, replacement price Price effective from Koha item type Purchase Price
        IIA Library-Bangalore IIA Library-Bangalore General Stacks 29/03/1965 13.28   521.1/ GAU 2641 05/11/2021 13.28 29/03/1965 Books Rs. 13.28

Powered by Koha